<?xml version="1.0" encoding="UTF-8"?>
<record
    xmlns:xsi="http://www.w3.org/2001/XMLSchema-instance"
    xsi:schemaLocation="http://www.loc.gov/MARC21/slim http://www.loc.gov/standards/marcxml/schema/MARC21slim.xsd"
    xmlns="http://www.loc.gov/MARC21/slim">

  <leader>01233nab a2200241 a 4500</leader>
  <controlfield tag="003">DO-SdBNP</controlfield>
  <controlfield tag="005">20250502085655.0</controlfield>
  <controlfield tag="007">ta</controlfield>
  <controlfield tag="008">250502e2018    dr q||||r||||||0| | spa d</controlfield>
  <datafield tag="040" ind1=" " ind2=" ">
    <subfield code="a">DO-SdBNP</subfield>
    <subfield code="b">spa</subfield>
    <subfield code="c">BNPHU</subfield>
    <subfield code="e">rda</subfield>
  </datafield>
  <datafield tag="041" ind1=" " ind2=" ">
    <subfield code="h">spa</subfield>
  </datafield>
  <datafield tag="245" ind1=" " ind2=" ">
    <subfield code="a">La historia de nuestras bibliotecas.</subfield>
  </datafield>
  <datafield tag="264" ind1=" " ind2=" ">
    <subfield code="a">Barahona Provincia, Rep&#xFA;blica Dominicana : </subfield>
    <subfield code="b">[editor no identificado],</subfield>
    <subfield code="c">2018.</subfield>
  </datafield>
  <datafield tag="300" ind1=" " ind2=" ">
    <subfield code="a">paginas: 22-29.</subfield>
  </datafield>
  <datafield tag="336" ind1=" " ind2=" ">
    <subfield code="a">texto</subfield>
    <subfield code="b">txt</subfield>
    <subfield code="2">rdacontent</subfield>
  </datafield>
  <datafield tag="337" ind1=" " ind2=" ">
    <subfield code="a">sin mediaci&#xF3;n </subfield>
    <subfield code="b">n</subfield>
    <subfield code="2">rdamedia</subfield>
  </datafield>
  <datafield tag="338" ind1=" " ind2=" ">
    <subfield code="a">volumen</subfield>
    <subfield code="b">nc</subfield>
    <subfield code="2">rdacarrier</subfield>
  </datafield>
  <datafield tag="362" ind1=" " ind2=" ">
    <subfield code="a">A&#xF1;o 1, N&#xFA;m 3, septiembre-diciembre 2018.</subfield>
  </datafield>
  <datafield tag="520" ind1=" " ind2=" ">
    <subfield code="a">Hay en Barahona una red de bibliotecas p&#xFA;blicas, privadas e individuales, que atienden una amplia gama del conocimiento. Un gran empuje se ha recibido con la biblioteca del Centro Universitario de la Regi&#xF3;n Suroeste (Curso) y m&#xE1;s reciente con la de UCATEBA. Ambas han sido dotadas de una actualizada bibliograf&#xED;a, mobiliario c&#xF3;modo y moderno, as&#xED; como apropiados equipos tecnol&#xF3;gicos de consulta. </subfield>
  </datafield>
  <datafield tag="650" ind1=" " ind2="0">
    <subfield code="a">Biblioteca</subfield>
    <subfield code="9">7843</subfield>
    <subfield code="v">Publicaciones peri&#xF3;dicas</subfield>
    <subfield code="x">Historia</subfield>
    <subfield code="z">Barahona, Rep&#xFA;blica Dominicana</subfield>
  </datafield>
  <datafield tag="773" ind1="0" ind2=" ">
    <subfield code="0">58884</subfield>
    <subfield code="9">323568</subfield>
    <subfield code="a">G&#xF3;mez, Wilson</subfield>
    <subfield code="o">2025-3885</subfield>
    <subfield code="t">Aqu&#xED; Barahona : </subfield>
    <subfield code="w">524579</subfield>
  </datafield>
  <datafield tag="942" ind1=" " ind2=" ">
    <subfield code="2">ddc</subfield>
    <subfield code="c">ISSUE</subfield>
  </datafield>
  <datafield tag="999" ind1=" " ind2=" ">
    <subfield code="c">58910</subfield>
    <subfield code="d">58910</subfield>
  </datafield>
</record>
